[Event "Invitation"]
[Site "http://www.queenalice.com/game.php?id=1199105"]
[Date "2013.7.12"]
[Round "-"]
[White "henriqueneto"]
[Black "Petrucio"]
[Result "1-0"]
[WhiteElo "1236"]
[BlackElo "1092"]

1. e4 Nf6 2. f3 e5 3. b3 c6 4. d3 Qa5+ 5. c3 b6 6. a3 h5 7. b4 Qb5 8. a4 Qa6 9.
c4 Bxb4+ 10. Ke2 Qa5 11. h4 Qa6 12. Ke3 Qa5 13. Ke2 Bc3 14. Nxc3 Qxc3 15. Bd2
Qd4 16. Ra3 Qd6 17. Rc3 Rh6 18. Be3 Qa3 19. Rxa3 Rg6 20. Ke1 Ke7 21. Ra1 d6 22.
Rh3 d5 23. g3 Nbd7 24. c5 d4 25. Bc1 bxc5 26. Ne2 Nb6 27. a5 Nbd7 28. f4 Nb8 29.
fxe5 Bg4 30. Rh2 Na6 31. exf6+ Rxf6 32. Bg5 Ke6 33. Qb3+ Ke5 34. Bxf6+ Kxf6 35.
Ng1 Rb8 36. Qa4 Rb4 37. Qxc6+ Ke5 38. Qxa6 Rb3 39. Rc1 f5 40. Qxa7 Kf6 41. e5+
Ke6 42. Rc4 Rb1+ 43. Kf2 g6 44. Qg7 Rb2+ 45. Ke1 Rb1+ 46. Kd2 Rb2+ 47. Rc2 Rb5
48. Qg8+ Kxe5 49. a6 Rb6 50. Qe8+ Re6 51. Qh8+ Rf6 52. a7 Be2 53. Rxe2+ Kd5 54.
a8=Q+ Rc6 55. Bg2+ Kd6 56. Qhd8# 1-0

[Event "Challenge"]
[Site "http://www.queenalice.com/game.php?id=1199107"]
[Date "2013.7.12"]
[Round "-"]
[White "Petrucio"]
[Black "henriqueneto"]
[Result "0-1"]
[WhiteElo "1057"]
[BlackElo "1219"]

1. e4 d6 2. Nf3 h6 3. d4 h5 4. e5 f6 5. exf6 gxf6 6. Qe2 a6 7. Bf4 h4 8. g3 c5
9. Bd2 Qb6 10. Nxh4 Rxh4 11. gxh4 Nd7 12. Be3 Qxb2 13. c4 Qxa1 14. Qc2 cxd4 15.
Qg6+ Kd8 16. Kd2 Qxb1 17. Bg2 Qxg6 18. Bxd4 Qxg2 19. Re1 Qxf2+ 20. Bxf2 Bh6+ 21.
Kc3 b5 22. Re6 Nf8 23. Re4 d5 24. Bb6+ Kd7 25. cxd5 f5 26. Re6 b4+ 27. Kxb4 Bd2+
28. Kc4 Bb7 29. Kd3 Bxd5 30. Rg6 Be4+ 31. Kxd2 Nxg6 32. h5 Ne5 33. Bd4 Nc4+ 34.
Kc3 Rc8 35. Ba7 Rc6 36. Kd4 e5+ 37. Kc3 Na5+ 38. Kb4 Nc4 39. Bf2 Bc2 40. Kc3 Bb1
41. a4 Nf6 42. Kb4 a5+ 43. Kc3 Ne4+ 44. Kb3 Nxf2 45. Kc3 e4 46. Kd4 Nd3 47. Kd5
Nc5 48. Kxc4 e3 49. Kb5 Bd3+ 50. Kxa5 e2 51. Kb4 Na6+ 52. Kb3 e1=Q 53. h6 Qd1+
54. Ka3 Rc3+ 55. Kb2 Bc4 56. Kxc3 Qc1+ 57. Kd4 Bg8 58. Ke5 Qe3+ 59. Kxf5 Qxh6
60. a5 Nc5 61. Ke5 Qg5+ 62. Kd4 Nb7 63. a6 Qf4+ 64. Kd3 Nc5+ 65. Kc3 Nxa6 66. h3
Nc5 67. Kc2 Bh7+ 68. Kc3 Kd6 69. h4 Na4+ 70. Kb3 Qd4 71. h5 Kc5 72. h6 Bg8+ 73.
Ka3 Kb5 74. h7 Qc3# 0-1

[Event "OS INCLIVEIS"]
[Site "http://www.queenalice.com/game.php?id=1204106"]
[Date "2013.7.31"]
[Round "-"]
[White "adelio"]
[Black "henriqueneto"]
[Result "1-0"]
[WhiteElo "1814"]
[BlackElo "1236"]

1. d4 b5 2. e4 e5 3. d5 c5 4. dxc6 Nxc6 5. a3 h5 6. Ra2 Nf6 7. Bg5 Be7 8. Bxf6
gxf6 9. b4 h4 10. c3 a5 11. Bxb5 Na7 12. Bc4 Rh7 13. Qg4 Rb8 14. Qg8+ Bf8 15.
Qxh7 Qc7 16. Qxf7+ Kd8 17. Qxf8# 1-0

[Event "QUINTAS II"]
[Site "http://www.queenalice.com/game.php?id=1216675"]
[Date "2013.9.13"]
[Round "-"]
[White "perucona"]
[Black "henriqueneto"]
[Result "0-1"]
[WhiteElo "1293"]
[BlackElo "1258"]

1. e4 b5 2. d4 d6 3. Nc3 b4 4. Nce2 g5 5. c3 a5 6. cxb4 axb4 7. b3 g4 8. g3 c6
9. d5 c5 10. Nf4 Na6 11. h3 e5 12. hxg4 exf4 13. gxf4 Qe7 14. f3 Qf6 15. g5 Qxa1
16. a4 h5 17. Bxa6 Rxa6 18. Ne2 h4 19. Be3 Qa3 20. Qb1 c4 21. bxc4 Qxe3 22. Qxb4
Qxf3 23. Rf1 Qxe4 24. Qb3 Bh3 25. Rf2 Bg4 26. Qd1 Qh1+ 27. Kd2 Qe4 28. Nc1 Qd4+
29. Nd3 Bf5 30. Rf3 Rxa4 31. c5 Ra2+ 32. Ke1 Qg1+ 33. Rf1 Qe3+ 34. Qe2 Rxe2+ 35.
Kd1 Bxd3 36. cxd6 Bc2# 0-1

[Event "CHOPIN III"]
[Site "http://www.queenalice.com/game.php?id=1217505"]
[Date "2013.9.17"]
[Round "-"]
[White "rogeriooliveira"]
[Black "henriqueneto"]
[Result "1-0"]
[WhiteElo "1384"]
[BlackElo "1176"]

1. e4 e6 2. d4 g5 3. Nc3 g4 4. g3 Bb4 5. a3 Be7 6. Nge2 h6 7. Bf4 c6 8. Na4 Qa5+
9. Nac3 b5 10. b4 Qd8 11. h3 d6 12. Bg2 gxh3 13. Bxh3 e5 14. dxe5 f6 15. exf6
Bxf6 16. O-O Bxh3 17. Re1 Be6 18. Kh2 Na6 19. Ng1 Bxc3 20. Rf1 d5 21. exd5 cxd5
22. Qe2 Qf6 23. Rad1 Bb2 24. Rd2 Nc7 25. Re1 Bxa3 26. Rd3 Bxb4 27. Rf1 Rc8 28.
Bxc7 Rxc7 29. Re3 Re7 30. f4 a6 31. Rf2 d4 32. Rd3 Bc4 33. Qf1 a5 34. Re2 a4 35.
Rxe7+ Qxe7 36. c3 dxc3 37. Rd1 Bxf1 38. Rxf1 c2 39. Rc1 Qe4 40. Nh3 Qe2+ 41. Kh1
Qe4+ 42. Kg1 h5 43. Nf2 Qe3 44. Kf1 Qxc1+ 45. Ke2 Bc5 46. Nd3 Qg1 47. Kd2 c1=Q+
48. Nxc1 a3 49. Kc2 a2 50. Nxa2 Qe1 51. Nc3 b4 52. Na4 1-0

[Event "SWEET LORRAINE XI"]
[Site "http://www.queenalice.com/game.php?id=1223086"]
[Date "2013.10.8"]
[Round "-"]
[White "rogeriooliveira"]
[Black "henriqueneto"]
[Result "1-0"]
[WhiteElo "1366"]
[BlackElo "1203"]

1. e4 a5 2. d4 a4 3. a3 h5 4. Nf3 b5 5. b3 d5 6. exd5 Qxd5 7. Bg5 f6 8. Bd2 g5
9. Be3 g4 10. Nfd2 h4 11. bxa4 bxa4 12. Nc3 Qd8 13. Bb5+ c6 14. Be2 f5 15. d5
Ra6 16. O-O Qa5 17. Na2 cxd5 18. Bg5 Rh5 19. Be3 e6 20. Rb1 Nd7 21. Nc3 Rc6 22.
g3 Qxc3 23. gxh4 Qxa3 24. Kg2 Rxh4 25. Kg3 Rh7 26. Ra1 Qd6+ 27. Kg2 Rh4 28. Rh1
Rc3 29. Nb1 Rc6 30. Na3 Bg7 31. Rb1 Qxa3 32. Qe1 Qa2 33. Rc1 Ngf6 34. Kg3 Rh5
35. Qd2 Rh3+ 36. Kf4 e5+ 37. Kg5 f4 38. Ba7 Qb2 39. f3 Rh5+ 40. Kg6 Bh6 41. Qd3
a3 42. Qd1 Ng8+ 43. Kxh5 1-0

[Event "GROUND SERVICES VIII"]
[Site "http://www.queenalice.com/game.php?id=1223642"]
[Date "2013.10.10"]
[Round "-"]
[White "rogeriooliveira"]
[Black "henriqueneto"]
[Result "1-0"]
[WhiteElo "1457"]
[BlackElo "1326"]

1. e4 e5 2. d4 exd4 3. Qxd4 c5 4. Qe5+ Be7 5. Bc4 Nc6 6. Qd5 Nb4 7. Qd2 Nc6 8.
Nf3 Nf6 9. O-O a5 10. Re1 Nb8 11. Nc3 Nc6 12. Rd1 a4 13. Re1 Ra5 14. Nd5 b5 15.
Be2 Nxe4 16. Qe3 Nxf2 17. Qxf2 c4 18. c3 g5 19. g4 h6 20. Bd2 Bd6 21. Bf1+ Kf8
22. Nd4 Na7 23. Re3 Bc5 24. Rf3 h5 25. gxh5 g4 26. Rxf7+ Kg8 27. Be2 d6 28. Rf1
Rxh5 29. Rf8+ Qxf8 30. Qxf8+ Kh7 31. Rf7+ Kg6 32. Nf4+ Kg5 33. Rg7+ Kh4 34. Be1+
g3 35. Ng6+ Kh3 36. Bf1+ Kg4 37. Be2+ Kg5 38. Bd2# 1-0

[Event "GROUND SERVICES XI"]
[Site "http://www.queenalice.com/game.php?id=1223649"]
[Date "2013.10.10"]
[Round "-"]
[White "rogeriooliveira"]
[Black "henriqueneto"]
[Result "1-0"]
[WhiteElo "1392"]
[BlackElo "1165"]

1. e4 a5 2. d4 a4 3. Nc3 d6 4. Nf3 h5 5. b3 a3 6. Bb5+ c6 7. Be2 b5 8. b4 e6 9.
e5 dxe5 10. O-O Na6 11. dxe5 Nxb4 12. Qxd8+ Kxd8 13. Rd1+ Ke7 14. Bg5+ Ke8 15.
Rd2 Ra7 16. Nd1 c5 17. Nc3 Rb7 18. Re1 c4 19. Nh4 Bc5 20. Bf3 Rb6 21. Red1 Rb8
22. Be3 Be7 23. Nb1 Nxa2 24. Nxa3 Bxa3 25. Rd8+ Ke7 26. Bc5+ Bxc5 27. Rf1 Kxd8
28. Rd1+ Ke8 29. Rd2 g5 30. g4 gxh4 31. g5 c3 32. Rd3 Rb6 33. h3 Nc1 34. Bd1 f5
35. Rxc3 Rc6 36. Bf3 Ra6 37. Kf1 Bd4 38. Rxc8+ Kd7 39. Rb8 Ra7 40. Rxb5 Ra3 41.
Rb7+ Kc8 42. Rb6 1-0

[Event "PPH XXXV"]
[Site "http://www.queenalice.com/game.php?id=1228081"]
[Date "2013.10.28"]
[Round "-"]
[White "rogeriooliveira"]
[Black "henriqueneto"]
[Result "1-0"]
[WhiteElo "1399"]
[BlackElo "1156"]

1. e4 b5 2. d4 Nf6 3. e5 Nh5 4. Qxh5 Nc6 5. d5 g6 6. Qf3 Nxe5 7. Qe2 d6 8. Nc3
Nd7 9. Nf3 b4 10. Bg5 bxc3 11. bxc3 a5 12. O-O-O Nb6 13. Rd3 h6 14. Be3 g5 15.
Nd2 f5 16. f4 g4 17. g3 Nc4 18. Nxc4 h5 19. h4 a4 20. a3 Ba6 21. Rd4 Rb8 22. Bg2
c5 23. Rdd1 Bb5 24. Rhe1 Bg7 25. Bg1 Rb7 26. Rd3 Bxc4 27. Red1 Ba2 28. Kd2 Bc4
29. Ke3 Rb2 30. R1d2 Rb1 31. Bf2 Rf8 32. Bf1 Bh6 33. Qe1 Rxe1+ 34. Be2 Rh1 35.
Rd1 Rh2 36. Bg1 Rg2 37. Bf1 Rxg1 38. Be2 Rg2 39. Re1 Rxg3+ 40. Kd2 Rg2 41. Re3
1-0

[Event "Challenge"]
[Site "http://www.queenalice.com/game.php?id=1229793"]
[Date "2013.11.4"]
[Round "-"]
[White "Petrucio"]
[Black "henriqueneto"]
[Result "0-1"]
[WhiteElo "1076"]
[BlackElo "1227"]

1. Nf3 d5 2. Ne5 f6 3. Ng4 h5 4. Ne3 d4 5. Nd5 c6 6. Nf4 h4 7. h3 g5 8. e3 gxf4
9. exf4 Bh6 10. Qh5+ Kd7 11. Qg4+ e6 12. f5 Ke8 13. Qxh4 exf5 14. Qh5+ Kd7 15.
Qf7+ Ne7 16. Bc4 b5 17. Be6+ Kd6 18. Qxf6 Rh7 19. Qxf5 Nxf5 20. g4 Nh4 21. Bg8
Qxg8 22. Rg1 Re7+ 23. Kd1 Kc7 24. a4 Nf3 25. Rg3 Re1# 0-1

[Event "MISS BUMBUM V"]
[Site "http://www.queenalice.com/game.php?id=1232520"]
[Date "2013.11.15"]
[Round "-"]
[White "rogeriooliveira"]
[Black "henriqueneto"]
[Result "1-0"]
[WhiteElo "1375"]
[BlackElo "1188"]

1. e4 h5 2. d4 h4 3. Ne2 a5 4. Nbc3 a4 5. Bg5 f6 6. Be3 g5 7. d5 b5 8. Nb1 g4 9.
g3 c6 10. dxc6 Nxc6 11. Nbc3 b4 12. Nd5 Nb8 13. b3 Rh5 14. bxa4 Rxa4 15. Bd2 e6
16. Ne3 f5 17. exf5 Bc5 18. c3 Ra3 19. Nf4 Rh8 20. Bc1 Rxc3 21. Bb5 Bb7 22. Bd2
Ra3 23. Nc2 Ra5 24. Be2 Bxh1 25. gxh4 exf5 26. Be3 Be7 27. Kd2 Be4 28. Qc1 Bd6
29. Ne1 Ne7 30. f3 Ba8 31. Nc2 Re5 32. Rb1 Rxh4 33. Nxb4 Bxb4+ 34. Kd1 1-0

[Event "CAPABLANCA IV"]
[Site "http://www.queenalice.com/game.php?id=1239397"]
[Date "2013.12.11"]
[Round "-"]
[White "perucona"]
[Black "henriqueneto"]
[Result "1-0"]
[WhiteElo "1371"]
[BlackElo "1135"]

1. e4 c5 2. d4 Qa5+ 3. c3 d6 4. Nd2 b6 5. Nb3 Qb5 6. Bxb5+ Kd8 7. dxc5 bxc5 8.
c4 a6 9. Ba4 Be6 10. Nd2 g5 11. Ngf3 g4 12. Ng5 f6 13. Nxe6+ Kc8 14. O-O Bh6 15.
b3 a5 16. f3 gxf3 17. gxf3 Be3+ 18. Kg2 Ra6 19. Qe1 Bf4 20. Kh1 Be5 21. Bb5 Rb6
22. Rg1 h5 23. Rg2 Bxa1 24. Nf1 Be5 25. Nd2 1-0

[Event "AIPO V"]
[Site "http://www.queenalice.com/game.php?id=1241602"]
[Date "2013.12.21"]
[Round "-"]
[White "perucona"]
[Black "henriqueneto"]
[Result "1-0"]
[WhiteElo "1364"]
[BlackElo "1143"]

1. e4 b5 2. d4 c6 3. Nc3 b4 4. Na4 e6 5. Nf3 h5 6. Bg5 Qa5 7. Nc5 f6 8. Bd2 g5
9. g4 hxg4 10. Ng1 d6 11. Nb3 Qd8 12. Ne2 a5 13. Bg2 a4 14. Nbc1 Ba6 15. b3 Bb5
16. bxa4 Bxa4 17. Nd3 Qa5 18. O-O Rh4 19. Rc1 e5 20. dxe5 c5 21. Nb2 Nc6 22. Be1
1-0

[Event "Challenge"]
[Site "http://www.queenalice.com/game.php?id=1242583"]
[Date "2013.12.24"]
[Round "-"]
[White "Petrucio"]
[Black "henriqueneto"]
[Result "0-1"]
[WhiteElo "1097"]
[BlackElo "1307"]

1. a4 d5 2. e3 a5 3. Ra3 Nd7 4. Rd3 Nb6 5. Rb3 Nxa4 6. Rb5 b6 7. Rxd5 Qxd5 8. b3
Nc5 9. Qf3 Qd8 10. Bc4 Rb8 11. Qxf7+ Kd7 12. Qe6+ Nxe6 13. Bb5+ c6 14. Ba6 Bxa6
15. Nf3 h5 16. Ne5+ Ke8 17. h4 Qd5 18. Ng6 Qxg2 19. Nf4 Qxh1# 0-1

[Event "FRANCIS XL"]
[Site "http://www.queenalice.com/game.php?id=1255610"]
[Date "2014.2.11"]
[Round "-"]
[White "perucona"]
[Black "henriqueneto"]
[Result "1-0"]
[WhiteElo "1380"]
[BlackElo "1219"]

1. e4 g5 2. d4 g4 3. Nc3 Nc6 4. d5 Nb8 5. Bg5 h6 6. Bd2 h5 7. Nge2 d6 8. Bg5 f6
9. Be3 c5 10. Ng3 a5 11. Bb5+ 1-0